<?xml version="1.0" encoding="UTF-8"?>
<record
    xmlns:xsi="http://www.w3.org/2001/XMLSchema-instance"
    xsi:schemaLocation="http://www.loc.gov/MARC21/slim http://www.loc.gov/standards/marcxml/schema/MARC21slim.xsd"
    xmlns="http://www.loc.gov/MARC21/slim">

  <leader>01419nam a22004331i 4500</leader>
  <datafield tag="999" ind1=" " ind2=" ">
    <subfield code="c">171064</subfield>
    <subfield code="d">171064</subfield>
  </datafield>
  <controlfield tag="001">vtls000846251</controlfield>
  <controlfield tag="003">PNM</controlfield>
  <controlfield tag="005">20190210085512.0</controlfield>
  <controlfield tag="008">180126s2018    my     e      |00 fdmay  </controlfield>
  <datafield tag="015" ind1=" " ind2=" ">
    <subfield code="a">M18-01786</subfield>
  </datafield>
  <datafield tag="020" ind1=" " ind2=" ">
    <subfield code="a">9789671540817</subfield>
    <subfield code="q">paperback</subfield>
    <subfield code="c">RM28.00</subfield>
  </datafield>
  <datafield tag="039" ind1=" " ind2="9">
    <subfield code="a">201902041012</subfield>
    <subfield code="b">masliza</subfield>
    <subfield code="c">201901220950</subfield>
    <subfield code="d">irfah</subfield>
    <subfield code="c">201901141619</subfield>
    <subfield code="d">hazwani</subfield>
    <subfield code="c">201808030908</subfield>
    <subfield code="d">AUTHORITY</subfield>
  </datafield>
  <datafield tag="040" ind1=" " ind2=" ">
    <subfield code="a">BNM</subfield>
    <subfield code="b">eng</subfield>
    <subfield code="c">BNM</subfield>
    <subfield code="d">PPAK</subfield>
    <subfield code="e">rda</subfield>
  </datafield>
  <datafield tag="049" ind1=" " ind2=" ">
    <subfield code="a">klpmal</subfield>
  </datafield>
  <datafield tag="082" ind1="0" ind2="4">
    <subfield code="a">899.2333</subfield>
    <subfield code="2">23</subfield>
  </datafield>
  <datafield tag="090" ind1="0" ind2="0">
    <subfield code="a">899.2333</subfield>
    <subfield code="b">FAR</subfield>
    <subfield code="d">G</subfield>
  </datafield>
  <datafield tag="100" ind1="0" ind2=" ">
    <subfield code="a">Fara Hana,</subfield>
    <subfield code="e">author.</subfield>
  </datafield>
  <datafield tag="245" ind1="1" ind2="0">
    <subfield code="a">Pilihan Hati Mr. Millionaire /</subfield>
    <subfield code="c">Fara Hana ; Editor : Jabatan Editorial Suara Hati</subfield>
  </datafield>
  <datafield tag="264" ind1=" " ind2="1">
    <subfield code="a">Kuala Lumpur :</subfield>
    <subfield code="b">Suara Hati Publication,</subfield>
    <subfield code="c">[2018?]</subfield>
  </datafield>
  <datafield tag="300" ind1=" " ind2=" ">
    <subfield code="a">750 pages ;</subfield>
    <subfield code="c">19 cm</subfield>
  </datafield>
  <datafield tag="336" ind1=" " ind2=" ">
    <subfield code="a">text</subfield>
    <subfield code="2">rdacontent</subfield>
  </datafield>
  <datafield tag="337" ind1=" " ind2=" ">
    <subfield code="a">unmediated</subfield>
    <subfield code="2">rdamedia</subfield>
  </datafield>
  <datafield tag="338" ind1=" " ind2=" ">
    <subfield code="a">volume</subfield>
    <subfield code="2">rdacarrier</subfield>
  </datafield>
  <datafield tag="365" ind1=" " ind2=" ">
    <subfield code="b">28.00</subfield>
    <subfield code="c">MYR</subfield>
  </datafield>
  <datafield tag="650" ind1="1" ind2="4">
    <subfield code="a">Malaysian fiction (Malay)</subfield>
  </datafield>
  <datafield tag="650" ind1="2" ind2="0">
    <subfield code="a">Malay fiction</subfield>
  </datafield>
  <datafield tag="710" ind1="2" ind2=" ">
    <subfield code="a">Jabatan Editorial Suara Hati,</subfield>
    <subfield code="e">editor.</subfield>
  </datafield>
  <datafield tag="942" ind1=" " ind2=" ">
    <subfield code="2">ddc</subfield>
    <subfield code="c">B</subfield>
  </datafield>
  <datafield tag="949" ind1=" " ind2=" ">
    <subfield code="6">1001399165</subfield>
    <subfield code="e">2592810</subfield>
    <subfield code="s">3712:20190114</subfield>
  </datafield>
  <datafield tag="949" ind1=" " ind2=" ">
    <subfield code="6">1001399166</subfield>
    <subfield code="e">2592811</subfield>
    <subfield code="s">3712:20190114</subfield>
  </datafield>
  <datafield tag="949" ind1=" " ind2=" ">
    <subfield code="6">1001399167</subfield>
    <subfield code="e">2592812</subfield>
    <subfield code="s">3712:20190114</subfield>
  </datafield>
  <datafield tag="949" ind1=" " ind2=" ">
    <subfield code="6">1001399168</subfield>
    <subfield code="e">2592813</subfield>
    <subfield code="s">3712:20190114</subfield>
  </datafield>
  <datafield tag="949" ind1=" " ind2=" ">
    <subfield code="6">1001381321</subfield>
    <subfield code="s">3712:20190204</subfield>
  </datafield>
  <datafield tag="949" ind1=" " ind2=" ">
    <subfield code="6">1001381322</subfield>
  </datafield>
  <datafield tag="949" ind1=" " ind2=" ">
    <subfield code="6">1001381323</subfield>
  </datafield>
  <datafield tag="949" ind1=" " ind2=" ">
    <subfield code="6">1001381324</subfield>
  </datafield>
  <datafield tag="949" ind1=" " ind2=" ">
    <subfield code="6">2000601820</subfield>
    <subfield code="a">899.2333 FAR M</subfield>
  </datafield>
  <datafield tag="949" ind1=" " ind2=" ">
    <subfield code="6">2000601822</subfield>
    <subfield code="a">899.2333 FAR M</subfield>
  </datafield>
  <datafield tag="952" ind1=" " ind2=" ">
    <subfield code="0">0</subfield>
    <subfield code="7">0</subfield>
    <subfield code="b">LW</subfield>
    <subfield code="c">G</subfield>
    <subfield code="d">2019-02-14</subfield>
    <subfield code="l">8</subfield>
    <subfield code="m">1</subfield>
    <subfield code="o">899.2333 FAR</subfield>
    <subfield code="p">A01592437</subfield>
    <subfield code="r">2022-08-21 00:00:00</subfield>
    <subfield code="s">2022-07-26</subfield>
    <subfield code="y">B</subfield>
  </datafield>
  <datafield tag="952" ind1=" " ind2=" ">
    <subfield code="0">0</subfield>
    <subfield code="7">0</subfield>
    <subfield code="b">BB</subfield>
    <subfield code="c">G</subfield>
    <subfield code="d">2019-02-14</subfield>
    <subfield code="l">7</subfield>
    <subfield code="m">1</subfield>
    <subfield code="o">899.2333 FAR</subfield>
    <subfield code="p">A01592440</subfield>
    <subfield code="q">2026-06-10</subfield>
    <subfield code="r">2026-05-20 12:52:51</subfield>
    <subfield code="s">2026-05-20</subfield>
    <subfield code="y">B</subfield>
  </datafield>
  <datafield tag="952" ind1=" " ind2=" ">
    <subfield code="0">0</subfield>
    <subfield code="7">0</subfield>
    <subfield code="b">MR</subfield>
    <subfield code="c">G</subfield>
    <subfield code="d">2019-02-14</subfield>
    <subfield code="l">14</subfield>
    <subfield code="m">3</subfield>
    <subfield code="o">899.2333 FAR</subfield>
    <subfield code="p">A01592441</subfield>
    <subfield code="r">2025-09-06 12:42:13</subfield>
    <subfield code="s">2025-08-18</subfield>
    <subfield code="y">B</subfield>
  </datafield>
  <datafield tag="952" ind1=" " ind2=" ">
    <subfield code="0">0</subfield>
    <subfield code="7">0</subfield>
    <subfield code="b">YN</subfield>
    <subfield code="c">G</subfield>
    <subfield code="d">2019-02-14</subfield>
    <subfield code="l">15</subfield>
    <subfield code="m">2</subfield>
    <subfield code="o">899.2333 FAR</subfield>
    <subfield code="p">A01592442</subfield>
    <subfield code="r">2025-10-16 14:48:33</subfield>
    <subfield code="s">2025-09-17</subfield>
    <subfield code="y">B</subfield>
  </datafield>
</record>
